000
00253nam a22001097a 4500
082
_a
425 SHA'C
100
_a
SHAW, HARRY
_9
60065
245
_a
SPELL IT RIGHT EVERYDAY HANDBOOK
260
_a
NEWYORK
_b
BARNES & NOBLE
_c
1963
300
_a
147P
942
_c
BK
999
_c
569896
_d
569896